000 01690cam a22002297a 4500
020 _a9251052972
040 _cFQG
082 0 0 _a338 FOO 2005 A079 Or.
245 1 0 _aSecond meeting of the Technical Advisory Committee of the FAO project Management of Tuna Fishing Capacity: Conservation and Socio-economics :
_b15-18 March 2004, Madrid, Spain /
246 3 0 _aManagement of tuna fishing capacity:conservation and socio-economics
260 _aRome :
_bFood and Agriculture Organization of the United Nations,
_c2005.
300 _axvi, 336 p. :
_bcol. ill., maps ;
_c30 cm.
500 _a"TC/M/Y5984E/1/5.05/2700"--P. [4] of cover.
520 _aFAO's Japan-funded Project "Management of tuna fishing capacity: conservation and socio-economics" was formulated with the aim of improving the management of tuna fisheries on a global scale. Its immediate objectives are to provide the technical information necessary for the management of tuna fishing capacity and resolve the associated technical on a global scale, taking into account conservation and socio-economic issues. This publication includes papers on the studies that were considered high priority by the project and its Technical Advisory Committee at its 1st Meeting (Rome, Italy, 14-16 April 2003). Earlier versions of papers on these studies were presented to the 2nd Meeting of the TAC (Madrid, Spain, 15-18 March 2004), where they were critically discussed.
650 0 _aTuna fisheries
650 0 _aFishery resources
700 1 _aBayliff, William H.
700 1 _aLeiva Moreno, Juan Ignacio de.
700 1 _aMajkowski, Jacek.
710 2 _aFood and Agriculture Organization of the United Nations.
942 _cEK
999 _c16075
_d16075